000 00892nam a22002777a 4500
001 9413
003 FISKH
005 20260106095212.0
008 260106b cb ||||| |||| 00| 0 eng d
020 _a9780395515822
040 _aFISKH
_beng
_cFISKH
_dFISKH
050 _aPZ7.B2848 W
082 _a823.9
100 _aBarton, Byron
_eAuthor
245 _aWhere's AI? /
_cByron Barton
260 _aNew York :
_bClarion Books ,
_c1972
300 _a28 unnumbered pages :
_bcolor illustrations ;
_c18 x 23 cm
505 _aC
520 _aDescribes the individual adventures of a boy and his pet dog from the time they are separated in the busy city until they find each other again.
521 8 _a40
_bLexile estimate
521 8 _aC
_bRaz-Plus
650 _aAnimal story
_vAlmost wordless
650 _aPicture book
_vSpeech balloons
942 _2ddc
_cBK
_n0
999 _c9413
_d9413